Mi guerra con Israel / (Record no. 149795)

MARC details
000 -LEADER
campo de control de longitud fija 00673nam a2200205 i 4500
001 - NÚMERO DE CONTROL
campo de control 149795
003 - IDENTIFICADOR DE NÚMERO DE CONTROL
campo de control ES-MaACL
005 - FECHA Y HORA DE LA ÚLTIMA TRANSACCIÓN
campo de control 20230906203248.0
007 - CAMPO FIJO DE DESCRIPCIÓN FÍSICA--INFORMACIÓN GENERAL
campo de control de longitud fija t|
008 - DATOS DE LONGITUD FIJA--INFORMACIÓN GENERAL
campo de control de longitud fija 071024s1969 sp ||||1| spa d
100 1# - ENTRADA PRINCIPAL--NOMBRE DE PERSONA
Nombre de persona Hussein I
Títulos y otros términos asociados al nombre Rey de Jordania.
9 (RLIN) 64817
245 10 - MENCIÓN DEL TÍTULO
Título Mi guerra con Israel /
Mención de responsabilidad, etc. Hussein de Jordania ; por V. Vance y P. Lauer ; [traductor, Francisco Cerecedo].
260 ## - PUBLICACIÓN, DISTRIBUCIÓN, ETC.
Lugar de publicación, distribución, etc. Madrid :
Nombre del editor, distribuidor, etc. Ibérico Europea,
Fecha de publicación, distribución, etc. [1969]
300 ## - DESCRIPCIÓN FÍSICA
Extensión 168 p., 5 lám. ;
Dimensiones 22 cm.
650 14 - PUNTO DE ACCESO ADICIONAL DE MATERIA--TÉRMINO DE MATERIA
Término de materia o nombre geográfico como elemento de entrada Guerra árabe-israelí, 1967.
9 (RLIN) 13180
700 1# - ENTRADA AGREGADA--NOMBRE PERSONAL
Nombre de persona Vance, V.
9 (RLIN) 113041
700 1# - ENTRADA AGREGADA--NOMBRE PERSONAL
Nombre de persona Lauer, P.
9 (RLIN) 70590
700 1# - ENTRADA AGREGADA--NOMBRE PERSONAL
Nombre de persona Cerecedo, Francisco.
9 (RLIN) 37483
852 ## - LOCALIZACIÓN
Ubicación ES-MaACL
Número de control de estantería C-36064
Sublocalización o colección R.69022
Holdings
Estatus retirado Estado de pérdida Estado de daño No para préstamo Biblioteca de origen Biblioteca actual Ubicación en estantería Fecha de adquisición Fuente de adquisición Total de préstamos Signatura topográfica completa Código de barras Visto por última vez Precio de reemplazo Tipo de ítem Koha
        Biblioteca del Ateneo de Madrid Biblioteca del Ateneo de Madrid Depósito 2 17/01/2008     C-36064 1156311 23/02/2023 23/02/2023 Libro impreso